000 00294nam a2200121Ia 4500
999 _c14391
_d14391
003 OSt
008 260210s9999 xx 000 0 und d
020 _a9781641164351
100 _aMarvin Conner,
245 0 _aIntroduction to Landscape Architecture
260 _bCallisto Ref.
942 _cUG
_2ddc